Normal view
MARC view
Entry Personal Name
001 - CONTROL NUMBER
- control field: 10193
003 - CONTROL NUMBER IDENTIFIER
- control field: TZ-ArACH
005 - DATE AND TIME OF LATEST TRANSACTION
- control field: 20130513080933.0
008 - FIXED-LENGTH DATA ELEMENTS
- fixed length control field: 130513|||a|||||| | ||| d
040 ## - CATALOGING SOURCE
- Original cataloging agency: TZ-ArACH
- Transcribing agency: TZ-ArACH
100 ## - HEADING--PERSONAL NAME
- Personal name: Lodge, Tom,
- Dates associated with a name: 1951-
670 ## - SOURCE DATA FOUND
- Source citation: Work cat.: (TZ-ArACH)2251: Lodge, Tom, 1951-, Politics in South Africa : from Mandela to Mbeki /, 2003.
670 ## - SOURCE DATA FOUND
- Source citation: Work cat.: (TZ-ArACH)2251: Lodge, Tom, 1951-, Politics in South Africa : from Mandela to Mbeki /, 2003.
